První linie. Evakuace /
Druhá část military sci-fi s antiutopickými prvky od amerického autora s německými kořeny.
Uloženo v:
| Série: | První linie,
část 2 |
|---|---|
| Hlavní autor: | |
| Další autoři: | |
| Médium: | E-kniha |
| Jazyk: | Czech |
| Vydáno: |
Ostrava :
Fantom Print,
2017
|
| Vydání: | 1. vydání |
| Témata: | |
| Příbuzné jednotky: | Z cyklu::
První linie |
| Tagy: |
Žádné tagy |
| LEADER | 02767nam a2200481 i 4500 | ||
|---|---|---|---|
| 001 | 310843 | ||
| 003 | CZ PrSKC | ||
| 005 | 20260601215655.0 | ||
| 007 | ta | ||
| 008 | 171010s2017 xr g 000 f cze | ||
| 015 | |a cnb002940412 | ||
| 020 | |a 9788073983918 |q (brožováno) | ||
| 035 | |a (OCoLC)1015186832 | ||
| 040 | |a OLA001 |b cze |d ABA001 |e rda | ||
| 041 | 1 | |a cze |h eng | |
| 072 | 7 | |a 821.111-3 |x Anglická próza, anglicky psaná |2 Konspekt | |
| 080 | |a 821.111-31 |2 MRF | ||
| 080 | |a (0:82-311.9) |2 MRF | ||
| 100 | 1 | |a Kloos, Marko, |d 1971- |7 xx0211603 |4 aut | |
| 240 | 1 | 0 | |a Lines of departure. |l Česky |
| 245 | 1 | 0 | |a První linie. |p Evakuace / |c Marko Kloos ; překlad Jakub Mařík |
| 246 | 3 | 0 | |a Evakuace |
| 250 | |a 1. vydání | ||
| 264 | 1 | |a Ostrava : |b Fantom Print, |c 2017 | |
| 300 | |a 269 stran ; |c 21 cm | ||
| 336 | |a text |b txt |2 rdacontent | ||
| 337 | |a bez média |b n |2 rdamedia | ||
| 338 | |a svazek |b nc |2 rdacarrier | ||
| 500 | |a Přeloženo z angličtiny | ||
| 500 | |a Na hřbetu označení svazku: II | ||
| 520 | 2 | |a Druhá část military sci-fi s antiutopickými prvky od amerického autora s německými kořeny. | |
| 520 | 2 | |a Gigantičtí mimozemšťané vyhlazují jednu kolonii za druhou, zatímco Severoamerické společenství a Sino-ruská aliance vedou o zbytek krvavou válku. Andrew Grayson byl u toho, když mimozemská invaze začala. Poslední čtyři roky strávil na bojištích obou probíhajících válek, kde v nové funkci bojového koordinátora přivolává na své nepřátele hněv Boží v podobě jaderných střel a orbitálního bombardování. A v první linii také nejlépe vidí, jak nepříznivě se pro nás boj s vesmírnými obry vyvíjí. Když pak SAS vytáhne z rezervy prastarou letadlovou loď, nacpe ji k prasknutí vojáky a zásobami a pošle na tajnou misi, divoké zvěsti na sebe nenechají dlouho čekat. Chystáme se osvobodit obsazenou kolonii? Útočíme na domovský svět vetřelců? Nebo snad začala evakuace Země? Nakladatelská anotace. | |
| 655 | 7 | |a anglicky psané romány |7 fd131805 |2 czenas | |
| 655 | 7 | |a vědecko-fantastické romány |7 fd133847 |2 czenas | |
| 655 | 9 | |a fiction in English |2 eczenas | |
| 655 | 9 | |a science fiction novels |2 eczenas | |
| 700 | 1 | |a Mařík, Jakub, |d 1981- |7 xx0073715 |4 trl | |
| 787 | 0 | 8 | |i Z cyklu: |t První linie |g 2 |
| 900 | |a ABA001 |b 21 | ||
| 044 | |a xr | ||
| 910 | |a RBIT002 | ||
| 998 | |d 176506 |a https://core.palmknihy.cz/api/books/176506/cover?m33mcb |b https://core.palmknihy.cz/api/books/176506/cover/400?nuo2x7 |c https://core.palmknihy.cz/api/books/176506/cover/50?ynvhmn |e 2029-02-28 |g 281 |i 9788073983918 |j https://core.palmknihy.cz/api/books/176506/preview.epub |l |q 49 |r 1 |s https://www.palmknihy.cz/kniha/176506 |t ebook |y 2017 |z 0 |v První linie |w 2 | ||
| 999 | |d 310841 | ||